Normal view MARC view
  • ISLAM-BANKING SYSTEM ISLAM-PURCHASING IN INSTALMENTS ISLAMIC BANKING ISLAM-JARABOO PER MASAW ISLAM-SAJDA SAHEV MISAYAL ISLAM-ZAKAT THROUGH BANKS ISLAM-KHULLAH KEY HAKIKAT ISLAM-VOTE KEY ISLAMIC HASIAT ISLAM-PLS ACCOUNT KEY HAKIKAT ISLAM-HOUSE FINANCING KAY JAIZ TAREKAY

Entry Topical Term

Number of records used in: 1

001 - CONTROL NUMBER

  • control field: 79528

003 - CONTROL NUMBER IDENTIFIER

  • control field: NUST

005 - DATE AND TIME OF LATEST TRANSACTION

  • control field: 20210628210454.0

008 - FIXED-LENGTH DATA ELEMENTS

  • fixed length control field: 210628|| aca||aabn | a|a d

040 ## - CATALOGING SOURCE

  • Original cataloging agency: NUST
  • Transcribing agency: NUST

150 ## - HEADING--TOPICAL TERM

  • Topical term or geographic name entry element: ISLAM-BANKING SYSTEM ISLAM-PURCHASING IN INSTALMENTS ISLAMIC BANKING ISLAM-JARABOO PER MASAW ISLAM-SAJDA SAHEV MISAYAL ISLAM-ZAKAT THROUGH BANKS ISLAM-KHULLAH KEY HAKIKAT ISLAM-VOTE KEY ISLAMIC HASIAT ISLAM-PLS ACCOUNT KEY HAKIKAT ISLAM-HOUSE FINANCING KAY JAIZ TAREKAY

670 ## - SOURCE DATA FOUND

  • Source citation: Work cat.: (NUST): Usmani, Mufti Muhammad Taqi Muhammad Taqi Usmani, Mufti 79527, Fiqhee maqalaat, 1994
© 2023 Central Library, National University of Sciences and Technology. All Rights Reserved.